000 00735nam a2200253 4500
001 36101
003 BD-RjUL
005 20211209052432.0
008 140616t1968 njuac b 001 0beng d
035 _a(BD-RjUL)36198
040 _aDLC
_cDLC
_dDLC
_beng
041 _aeng
082 0 0 _a347.9973
_bHOM 1968
100 1 _aHoward, J. Woodford.
_9109881
245 1 0 _aMr. Justice Murphy :
_cby J. Woodford Howard, Jr.
_ba political biography /
260 _aPrinceton, N.J. :
_bPrinceton University Press,
_cc1968.
300 _ax, 578 p. :
_bill. ;
_c25 cm.
350 _a$12.50
504 _aincludes index.
600 1 0 _aMurphy, Frank,
_d1890-1949.
_9109882
942 _2ddc
_cBK
999 _c36101
_d36101